Aritmética de los cardinales relatores /

में बचाया:
ग्रंथसूची विवरण
मुख्य लेखक: Federici Casa, Carlo (autor)
स्वरूप: पुस्तक
भाषा:स्पेनिश
प्रकाशित: Bogotá, Colombia : Fundación Restrepo Barco, 1993
विषय:
टैग: टैग जोड़ें
कोई टैग नहीं, इस रिकॉर्ड को टैग करने वाले पहले व्यक्ति बनें!

MARC

LEADER 00000nam^a2200000^a^4500
001 000048621
005 20250521000000.0
009 20260310090135.868
037 |a Acervo ITESO - Biblioteca 
041 |a ESP 
082 |a 513.  |b FED 
100 |a Federici Casa, Carlo  |e (autor) 
245 1 0 |a Aritmética de los cardinales relatores /  |c C. Federici Casa. 
264 1 |a Bogotá, Colombia :  |b Fundación Restrepo Barco,  |c 1993 
300 |a 177 p. 
336 |a texto  |b txt  |2 rdacontenido 
337 |a sin mediación  |b n  |2 rdamedio 
338 |a volumen  |b nc  |2 rdasoporte 
649 |a XX 
650 |a Aritmética 
650 |a Matemáticas -  |x Teoría 
650 |a Números Racionales 
910 |a Fondo General 
920 |a Impresos - Libros 
930 |a Colección General 
905 |a 101 
901 |a 0500004463  |b IT1  |c ACC  |u 20250521 
902 |a https://opac.biblio.iteso.mx/vufind/Record/000048621